000
00303nam a22001337a 4500
008
170703b xxu||||| |||| 00| 0 eng d
020
_a
030314004951
041
_a
eng
080
_a
821
100
_a
22
101
_a
GJL
245
_a
3,500 GOOD QUOTES FOR SPEAKERS
_c
LIEBERMAN, G.F
942
_2
udc
_c
BK
999
_c
19833
_d
19833